[Event "UKR-ch"]
[Site "Ordzhonikidze"]
[Date "2001.09.14"]
[Round "7"]
[White "Malakhatko, Vadim"]
[Black "Rogovski, Vladimir"]
[Result "1-0"]
[WhiteElo "2557"]
[BlackElo "2443"]
[Annotator "Kortschnoj,V"]
[PlyCount "61"]
[EventDate "2001.09.08"]
[EventType "swiss"]
[EventRounds "9"]
[EventCountry "UKR"]
[SourceTitle "CBM 086"]
[Source "ChessBase"]
[SourceDate "2002.02.05"]
[SourceVersion "1"]
[SourceVersionDate "2002.02.05"]
[SourceQuality "1"]

1. d4 Nf6 2. c4 e6 3. Nf3 Bb4+ 4. Nbd2 d5 5. Qa4+ Nc6 6. e3 O-O 7. Bd3 a6 (7...
dxc4 8. Bxc4 Bd6 {followed by e6-e5 had been played with approximately equal
chances.}) 8. Qc2 Re8 $6 {And here taking on c4 and then Bd6 was quite sound,
but black has something else in mind.} 9. O-O Bd6 10. a3 h6 $6 {The last
moment to come back to the usual plan:} (10... dxc4 11. Nxc4 ({Or} 11. Bxc4 h6
{and then e6-e5.}) 11... e5) 11. Rd1 e5 {Finally black carries out his idea,
but it will work out worse than he has expected.} 12. cxd5 Nxd5 13. Bh7+ Kh8
14. Be4 Nde7 15. dxe5 Nxe5 16. Nxe5 Bxe5 17. Nc4 Bd6 18. b4 $16 {18.Bd2 was
also strong.} f5 {The move is antipositional, 18...Ng8 was more stubborn.} 19.
Bf3 Ng6 20. Bb2 Nh4 21. Bd5 Qg5 22. Nxd6 cxd6 23. g3 Be6 {In a hopeless
position it will be no regret about lost material. Still 23...Qg4 would render
more chances to resist.} 24. Bxb7 Ra7 25. Bh1 Qg4 26. Rxd6 f4 27. exf4 Rae7 28.
Be5 Ng6 29. h3 Qf5 30. Be4 Qxh3 31. Bxg6 1-0

[Event "FRA-ch"]
[Site "Aix les Bains"]
[Date "2007.08.13"]
[Round "1"]
[White "Fontaine, Robert"]
[Black "Sokolov, Andrei"]
[Result "0-1"]
[WhiteElo "2567"]
[BlackElo "2582"]
[Annotator "Kortschnoj,V"]
[PlyCount "66"]
[EventDate "2007.08.13"]
[EventType "tourn"]
[EventRounds "11"]
[EventCountry "FRA"]
[EventCategory "13"]
[SourceTitle "CBM 120"]
[Source "ChessBase"]
[SourceDate "2007.10.02"]
[SourceVersion "1"]
[SourceVersionDate "2007.10.02"]
[SourceQuality "1"]

1. d4 Nf6 2. c4 e6 3. Nf3 Bb4+ 4. Bd2 Qe7 5. Nc3 {I have discovered the move
Nc3 in the so-called Bogo-Indian defence about 40 years ago. But I have
believed that it would be better to wait a bit, until the programmed move of
Black Nc6 will be made - then White eventually wins two tempi, playing soon
d4-d5 and forcing the knight to retreat. But some people believe that even
here the move with the knight to c3 is strong. Well, the following game does
not confirm this point of view.} O-O 6. Rc1 d6 7. a3 Bxc3 8. Bxc3 Ne4 9. g3 Nd7
{I tend to believe black is OK after 9...Nxc3 10.Rxc3 e5, but A. Sokolov has,
perhaps, his own opinion and treats the position another way.} 10. Bg2 Ndf6 {
Now after 10...e5 there was the nasty move 11.Ba5 (b6 12.Nd2)} 11. O-O Bd7 12.
d5 {Kortschnoj,V (2670)-Petrosian,T (2640) Candidates sf2 1971 (4) 1/2 In a
similar position against Petrosian I played Be1 and obtained a positional
advantage.} ({As to this game, after} 12. Be1 Bc6 {White could continue} 13.
Nh4 $5 {with the idea to play f3 and then e4, or to sacrifice a pawn by d4-d5..
.}) 12... Nxc3 {It is a matter of taste. An immediate e6-e5 is also playable.}
13. Rxc3 e5 14. b4 a5 15. Nd2 axb4 16. axb4 Ra2 {The first visible achievement
of Black - the rook on a2 is very active, but to chase it away is hardly
possible.} 17. Qc1 Rfa8 18. c5 {Black already has some edge, but this, not
well thought-over action further deteriorates white position.} e4 $1 19. c6 $6
{White still had good chances to achieve a draw, by playing} (19. Re3 Nxd5 (
19... Qe5 20. Nxe4 Nxd5 21. Nf6+ Qxf6 22. Bxd5 Ra1 23. Qc3 Rxf1+ (23... Bh3 24.
Qxa1 Qxa1 25. Re8+ $11) 24. Kxf1 Bh3+ 25. Ke1 Ra1+ 26. Kd2) (19... Bf5 20. Nxe4
Nxe4 21. Bxe4 Bxe4 22. f3) 20. Rxe4 Qf6 21. Rc4 Ra1 22. Qc2 {In the last
variation the white position looks a bit dangerous, but still less dubious
than in the game.}) 19... bxc6 20. dxc6 Bg4 21. e3 (21. f3 exf3 22. exf3 Bh5 (
22... Qe2 23. Rf2 Qe5) (22... Qe5 {everything would be very annoying for White.
})) ({As the lesser evil I would suggest} 21. Re1 Nd5 (21... d5 22. Rb3) 22.
Rc2) 21... d5 $1 {The pawn b4 is hanging.} 22. Rc5 h5 23. Nb3 (23. Re1 {
was more stubborn.}) 23... Be2 24. Re1 Ng4 25. Rxd5 (25. h3 Nxf2 (25... Ne5 {
both were strong.})) 25... Qf6 $19 26. Rd2 Qxf2+ 27. Kh1 Bf3 $1 28. Bxf3 (28.
Rxf2 Nxf2+ 29. Kg1 Bxg2 $19 (29... Nd3 $19)) 28... exf3 29. Red1 $6 (29. Rxf2
Nxf2+ 30. Kg1 Nd3 $19) 29... Qxh2+ 30. Rxh2 Rxh2+ 31. Kg1 Rg2+ 32. Kf1 Nh2+ 33.
Ke1 Re2# {A nice performance!} 0-1

[Event "Benasque"]
[Site "Benasque"]
[Date "1995.??.??"]
[Round "2"]
[White "Izeta Txabarri, Felix"]
[Black "Garcia Ilundain, David"]
[Result "0-1"]
[WhiteElo "2495"]
[BlackElo "2510"]
[Annotator "Kortschnoj,V"]
[PlyCount "90"]
[EventDate "1995.07.??"]
[EventType "tourn"]
[EventRounds "9"]
[EventCountry "ESP"]
[EventCategory "13"]
[SourceTitle "CBM 050"]
[Source "ChessBase"]
[SourceDate "1996.02.01"]
[SourceVersion "1"]
[SourceVersionDate "1996.02.01"]
[SourceQuality "1"]

1. d4 Nf6 2. Nf3 e6 3. c4 Bb4+ 4. Nbd2 b6 5. a3 Bxd2+ 6. Bxd2 Bb7 7. Bg5 h6 8.
Bh4 d6 9. e3 g5 (9... Nbd7) 10. Bg3 Ne4 11. Nd2 (11. Bd3 $5 h5 12. d5) 11...
Nxg3 12. hxg3 Nd7 13. f3 c5 (13... f5 $5) 14. Bd3 f5 15. Qc2 Qf6 16. g4 Rf8 17.
O-O-O $6 (17. d5 $1 $13) 17... O-O-O 18. gxf5 (18. d5 $2 Ne5 19. dxe6 Nxd3+ 20.
Qxd3 fxg4 $17) 18... exf5 19. g4 fxg4 20. Ne4 Qe7 (20... Qxf3 21. Nxd6+ Kc7 22.
Nxb7 Qxe3+ 23. Kb1 Kxb7 24. Rxh6 $44) 21. Rxh6 Bxe4 22. fxe4 Kb8 (22... Rf3)
23. Qh2 Rf3 24. Rxd6 (24. Qxd6+ Qxd6 25. Rxd6 Kc7 26. dxc5 Nxc5 27. Rxd8 Kxd8
28. Be2+ Ke7 29. Bxf3 gxf3 $17) (24. Qxd6+ Qxd6 25. Rxd6 Kc7 26. Rg6 Rxe3 27.
Rxg5 cxd4 28. Rxg4 Ne5 29. Rg7+ $15) 24... g3 25. Qh6 Rxe3 26. Bc2 $2 (26. Re6
Qf8 27. Qxg5 cxd4 28. Rf1 Qg8 29. Rg6 Qe8 30. Bc2 $13) 26... Rc8 27. Re6 Qf7
28. d5 Qf4 29. Kb1 g2 $17 30. Rg6 Rg3 31. Qh2 Ne5 32. Rg7 Qh4 33. Qxh4 gxh4 34.
Rxg3 hxg3 35. Rg1 Rf8 36. Rxg2 Rf1+ $19 37. Ka2 Rf2 38. Rxg3 Rxc2 39. Rg5 Nxc4
40. Kb3 Rc1 41. e5 b5 42. d6 Na5+ 43. Ka2 c4 44. e6 Nb3 45. Rxb5+ Kc8 (45...
Ka8 $4 46. Rxb3 cxb3+ 47. Kxb3 Kb7 48. e7 $18) 0-1

[Event "OHRA-A"]
[Site "Brussels"]
[Date "1986.12.??"]
[Round "2"]
[White "Kasparov, Garry"]
[Black "Kortschnoj, Viktor Lvovich"]
[Result "1/2-1/2"]
[WhiteElo "2740"]
[BlackElo "2650"]
[Annotator "Kortschnoj/Kasparov"]
[PlyCount "83"]
[EventDate "1986.12.??"]
[EventType "tourn"]
[EventRounds "10"]
[EventCountry "BEL"]
[EventCategory "16"]
[SourceTitle "CBM 001"]
[Source "ChessBase"]
[SourceDate "2004.01.01"]
[SourceVersion "1"]
[SourceVersionDate "2004.01.01"]
[SourceQuality "1"]

1. d4 Nf6 2. c4 e6 3. Nf3 Bb4+ 4. Bd2 {For this game I had prepared a
variation that would be little known to Kasparov.} c5 {A move brought into
practice by the Riga master Vitolins, which had been rarely employed in Soviet
events.} 5. g3 ({Subsequently the theoreticians came to the conclusion that
the strongest move is the immediate exchange on b4.} 5. Bxb4) 5... Qb6 6. Bg2 {
Kasparov thinks, this follow-up could have waited-NSH} ({He recommends} 6. Nc3
$5 $11 {instead.}) 6... Nc6 {Only a few moves have been made, and white is
already losing a pawn. The world champion has to think-how to give it up, such
that it looks like a sacrifice.} (6... cxd4 7. Nxd4 Bc5 8. e3 $5 (8. Bc3 e5 9.
Nf5 Bxf2+ $6 10. Kf1 O-O 11. b4 $1 $13) 8... Bxd4 9. exd4 Qxd4 10. O-O $44) 7.
d5 {In the past Kasparov had sacrificed numerous pawns and won games this way.
But the situation on the board is somewhat different, non-standard, and it
will be harder for White to develop an initiative.} ({Giving up the pawn in
another way came into consideration:} 7. dxc5 Bxc5 8. O-O Qxb2 9. Nc3 O-O 10.
Na4 Qa3 11. Bc1 Qb4 12. Bd2 Qa3 {It is probable that White's initiative does
not compensate for the lost material. Even so it would be interesting to test
this in practice.}) 7... exd5 8. cxd5 Nxd5 9. O-O ({How about the sacrifice of
a second pawn?} 9. a3 Bxd2+ 10. Nbxd2 Qxb2 11. Nc4 Qc3+ 12. Nfd2 {It is
probable that White's intiative does not compensate for the lost material.
Even so it would be interesting to try it in practice.}) 9... Nde7 $1 ({
Kasparov gives} 9... Bxd2 $2 10. Nbxd2 $16 {If} Qxb2 $2 11. Nc4 {-NSH}) 10. e4
$146 {A novelty improvised over the board-NSH} ({Neither I nor my opponent
suspected that all this had already occurred before. That game went} 10. Be3 d5
$1 11. a3 d4 12. Bf4 Ba5 13. Nbd2 Bxd2 14. Nxd2 O-O 15. b4 {with some activity
for the sacrificed material. (Tukmakov-Salov 1984).}) 10... d6 $1 ({Kasparov
gives} 10... O-O 11. Be3 d5 12. exd5 Rd8 13. Ng5 $16) ({and} 10... Bxd2 11.
Nbxd2 $14) 11. Be3 {A trappy move.The threat is a2-a3 and b2-b4, winning the
bishop.However, it turns out to be a loss of tempo as soon the bishop has to
move to f4. After the immediate} (11. Bf4 Bg4 $1 12. Qxd6 {"White would have
regained the pawn with a roughly equal game. However, the world champion
probably thought that 'a roughly equal game' with White was insufficient for
him." Kasparov continues the line with} Bxf3 13. Bxf3 Nd4 14. Bd1 $15) 11...
Qc7 $1 (11... Bg4 12. a3 Qa6 13. Qxd6 Rd8 14. Qf4 $13 {Kasparov}) 12. a3 Ba5
13. Bf4 $6 ({Kasparov gives} 13. e5 $5 Nxe5 (13... dxe5 14. Bxc5 $44) 14. Nxe5
dxe5 15. b4 cxb4 16. axb4 Bb6 17. Nc3 $1 $44 O-O 18. Nb5 Qb8 19. Bxb6 axb6 20.
Rxa8 Qxa8 21. Qd6 $13) ({In a later game White succeeded in improving on the
world champion's play.} 13. Nbd2 Bxd2 14. Nxd2 Be6 15. Re1 a5 16. f4 f6 17.
Qh5+ Bf7 18. Qg4 O-O 19. h4 $16 {(Chiburdanidze-Chandler, Hanige 1988)}) 13...
Ne5 $1 $17 14. b4 $5 {Kasparov does not think it possible to play a position a
pawn down without initiative-you must aim for initiative at any price! And so
he gives up a second pawn, but that is not all. In this game he will have to
give up even more material...} cxb4 15. axb4 Bxb4 16. Qa4+ N7c6 17. Nd4 a5 $6 (
{Kasparov gives} 17... Bc5 $19 {leading to more exchanges and consolidating
Blak's material gains .}) 18. Nc3 $1 Bd7 $1 ({Not} 18... Bxc3 $2 19. Nb5 Qd8
20. Nxc3 O-O 21. Rfd1 $15 {-Kasparov}) 19. Nd5 Qd8 20. Nf5 O-O {After parrying
the serious and minor traps Black has completed his development, retaining a
solid position. White's pieces, especially his knights, are actively placed.
It's time for White to create threats to the opponent's king.} 21. Qd1 Bc5 22.
Rc1 $1 {Black intends to push his a-pawn.By staying a1 this rook would have
prevented the pawn from queening. But White, being two pawns down is obliged
to play actively.The White pieces must advance and create threats. It has to
be agreed that Kasparov has a wonderful feeling for attack!} a4 23. g4 ({After
} 23. Qh5 {Black has two good replies, 23...g6 and 23...f6, both of which
would have shown that the queen had joined the attack too early.} g6 (23... f6)
) 23... a3 24. g5 a2 {Black already needs to watch out for the threats to his
king.} 25. Qh5 ({After} 25. Nxg7 $2 {Black has only one, but a sufficient
reply.} Bg4 $1 (25... Kxg7 {gives White some practical chances, although they
also prove insufficient-NSH}) 26. Nf6+ Qxf6 27. gxf6 Bxd1 28. Rfxd1 Bd4 $19) (
25. Nh6+ {also does not work:} gxh6 26. Nf6+ Kh8 27. Qh5 Rg8 28. Qxh6 Rg7)
25... Bxf5 {Korchnoi thinks, this move is forced. However, Kasparov shows a
stronger alternative-NSH} (25... Nd3 $1 26. Nf6+ (26. Rc3 Nxf4 27. Nxf4 a1=Q
28. Rh3 h6 $19) 26... gxf6 27. Qh6 Bxf5 28. gxf6 Qxf6 29. Qxf6 Nxc1 30. Rxc1
Bg6 $19) 26. exf5 Bd4 $1 27. Bxe5 $138 {White must exchange one of the
defending knights as early as possible.} ({After} 27. Be4 $2 Re8 28. Bxe5 Rxe5
{is very strong.}) ({Kasparov shows,} 27. f6 $2 {will not work on account of}
Ng6 28. Be4 Re8 $19) ({Instead} 27. Ra1 $5 {deserves attention according to
him.}) 27... Nxe5 $138 28. Be4 Re8 {The only move. The e7 square needs to be
defended.} 29. Rc7 $1 {What else? There is a struggle in progress for the e7
square. However, it is not hard to imagine that in this struggle White is
doomed to fail.} ({If} 29. f6 $2 Ng6 30. Ne7+ Rxe7 $1 $19) 29... a1=Q 30. Rxa1
{White must remove his king from a possiible...Nf3+ as a preparation for his
sacrificial operations.} Rxa1+ 31. Kg2 $19 Ra2 $6 {A natural move in time
trouble.} (31... Re1 $1 {was more energetic, and if} 32. Bc2 Rc1 $1 {-when
this bishop is eliminated, White will not have any attack.} 33. f6 Rxc2 34.
Ne7+ (34. Rxc2 Ng6 35. Rd2 Re5 36. Rxd4 Rxd5) 34... Rxe7 35. fxe7 Qe8 36. Rxc2
Nc6 $19) ({Kasparov gives} 31... Ng6 32. fxg6 fxg6 {as winning. But it only
appears to draw.} 33. Bxg6 hxg6 34. Qxg6 Re2 35. Qf7+ Kh8 36. Qh5+ {and White
has perpetual check-NSH}) 32. Re7 $1 {If there had been even five minutes each
on our clocks, the world champion-a rook and two pawns down would have had to
resign. But our flags were hanging, for the last eight moves we had less than
a minute left .Therefore he had the moral right to prolong resistance, and
even had some hope, although a faint one of saving the game. There are no
saving moves, and all that remains is to hope for a miracle, for the
psychological effect of some surprise. And the champion finds the most
surprising move in this position! White threatens both f5-f6 and also Nf6+
gxf6, g5-g6.} (32. f6 Ng6 33. Bxg6 hxg6 34. Ne7+ Qxe7 $1 (34... Rxe7 {also
wins.} 35. fxe7 Rxf2+ 36. Kg3 Qa8 $1 37. Qg4 Qa3+ $19 {-Kasparov}) 35. Rxe7
gxh5 36. Rxe8+ Kh7 $19) ({If} 32. Ne7+ Rxe7 33. f6 Ng6 34. fxe7 (34. Rxe7 Nf4+
$19) (34. Bxg6 Rxf2+ 35. Kg3 Re3+ 36. Kxf2 hxg6 {followed by...Qxc7 wins.})
34... Rxf2+ 35. Kg3 Rg2+ $1 36. Bxg2 Nxe7 {and Black is three pawns up.}) 32...
Rxf2+ 33. Kg3 Rxe7 $4 {It is most difficult to win after this obvious move.It
has to be admitted that at the chess board 13th world champion is a subtle
psychologist.} (33... Ng6 $1 {a move planned long ago would have won without
difficulty.}) 34. f6 $1 Ng6 35. Nxe7+ Kf8 36. Qxh7 Bxf6 $2 {Black's nerves
fail him. Apparently my opponent had persuaded me that I was threatened with
dozens of mates.} (36... Nxe7 $2 37. Qh8+ {etc.} Ng8 38. Qxg7+ Ke8 39. Qxg8+
Kd7 40. Qxf7+ Kc8 41. Qxb7#) ({After} 36... gxf6 $1 37. Bxg6 (37. Nxg6+ fxg6
38. Bd5 Qe8 $19) 37... fxg6 $1 (37... fxg5 38. Bxf7 $1 Rxf7 39. Ng6+ Ke8 40.
Qg8+ Kd7 41. Qxf7+ Kc8 42. Ne7+ Kb8 43. Kg4 $15 {K}) 38. Nxg6+ Ke8 39. Qg8+ Kd7
40. Qf7+ Kc8 41. Ne7+ Kb8 42. g6 f5 43. g7 (43. Nxf5 $4 Qg5+ $19 {-NSH}) 43...
f4+ 44. Kh3 Bxg7 $1 $19 {If} 45. Qxg7 Qd7+ {wins the knight with the attack
continuing-NSH}) 37. Nxg6+ fxg6 38. Kxf2 $2 {A bad move. White is again on the
verge of defeat. He is two pawns down and his king is under attack.} ({It was
correct first to exchange queens by} 38. Qh8+ Kf7 39. Qxd8 Bxd8 {and then only
take the rook.} 40. Bd5+ Kf8 41. Kxf2 $11) 38... Qb6+ $2 {Korchnoi does not
question this move.} ({Kasparov prefers} 38... Bd4+ $19) 39. Kg2 Qb2+ 40. Kh3 (
40. Kf3 {was correct.}) 40... Bxg5 $2 (40... Be5 $1 {would have won.} 41. Kg4 (
41. Qxg6 {is not possible on account of mate in three.} Qxh2+ 42. Kg4 Qg3+ 43.
Kh5 (43. Kf5 Qh3#) 43... Qh3#) 41... Qe2+ 42. Bf3 Qc2 $19) 41. Qxg6 Qf6 ({After
} 41... Bf6 {White would still have had to solve some problems. But not too
serious ones-the opposite colour bishops would gurantee a draw.}) 42. Qxf6+ {
This game, in my view a shameful one for both grandmasters, left its mark on
our chess relations. It is probable that the world champion convinced me of
his infallibility, his invincibility. After it I lost seven times to Kasparov,
without reply... (Kasparov's analysis of this game has been cited from Chess
Informant No.42 wherever necesssary-Nagesh Havanur)} 1/2-1/2

[Event "Chalkidiki"]
[Site "Chalkidiki"]
[Date "1992.??.??"]
[Round "9"]
[White "Kramnik, Vladimir"]
[Black "Ulybin, Mikhail"]
[Result "1-0"]
[WhiteElo "2625"]
[BlackElo "2570"]
[Annotator "Kramnik,V"]
[PlyCount "97"]
[EventDate "1992.09.??"]
[EventType "tourn"]
[EventRounds "11"]
[EventCountry "GRE"]
[EventCategory "14"]
[SourceTitle "CBM 032"]
[Source "ChessBase"]
[SourceDate "1993.02.01"]
[SourceVersion "1"]
[SourceVersionDate "1993.02.01"]
[SourceQuality "1"]

1. d4 e6 2. c4 Nf6 3. Nf3 Bb4+ 4. Bd2 Qe7 5. g3 Nc6 6. Nc3 O-O 7. Bg2 Bxc3 8.
Bxc3 Ne4 9. Rc1 d6 10. d5 Nd8 11. dxe6 Nxe6 12. Bb4 $1 $146 (12. O-O Nxc3 13.
Rxc3 Bd7 14. Nd2 Bc6 15. Bxc6 bxc6 16. Ra3 Rfb8 17. Nb3 Qf6 18. Qd2 a5 19. Ra4
c5 20. Rb1 Nd4 {0,5/Akopian,V-Ulibin,M/Chalkidiki/1992/}) 12... Bd7 (12... Qf6
13. Qc2 N6c5 14. O-O Bf5 $6 15. Nh4 $1 Nxg3 $2 16. fxg3 Qd4+ 17. e3 $1 Qxe3+
18. Qf2) (12... a5 13. Ba3 N4c5 14. O-O Bd7 15. Nd4 Nxd4 16. Qxd4 Bc6 17. Bxc6
bxc6 18. Bxc5 dxc5 $13) 13. Ne5 $5 (13. O-O) 13... N6c5 $6 (13... Qf6 14. Bxe4
(14. Nd3 $5 Bc6 15. O-O) 14... Qxe5 15. Bxb7 Qxb2 (15... Rab8 16. Bc3) 16. Rb1
Qxa2 17. Bxa8 Rxa8 18. Qb3 Qa6 19. O-O $14) 14. Nxd7 Nxd7 15. O-O a5 16. Ba3
Rfe8 (16... b6 17. Qc2 f5 $14) 17. b3 b6 18. Bb2 Rad8 19. Qd4 (19. f3 Nec5 20.
e4 f5 $1 21. exf5 (21. Qd5+ Qf7 22. Qxf7+ Kxf7 23. exf5 Re2) 21... Qe3+ 22. Kh1
Nd3 $132) 19... Qf6 (19... Nef6 20. Rce1 $1 Nc5 21. e4) 20. Qxf6 Ndxf6 21. Rfd1
h6 $6 22. e3 Nd7 23. Kf1 Re7 24. Ke2 Rde8 25. g4 $1 Re6 26. h4 R6e7 27. Bf3
Ndc5 28. Rd5 Na6 (28... f6 29. Bg2 $1) 29. a3 $1 (29. Rh5 Nb4 30. a3 Ng3+ $1)
29... Nac5 (29... Nec5 30. g5 $1 Nxb3 31. Rg1 $40) 30. b4 axb4 31. axb4 Na6 32.
b5 $1 (32. Ba3 $16) 32... Nac5 33. Ra1 Nf6 34. Rdd1 (34. Bxf6 gxf6 $14) 34...
Nfe4 35. Ra7 Kf8 36. g5 $1 hxg5 37. hxg5 Nxg5 38. Bc6 Rc8 39. Rh1 Kg8 40. Raa1
$1 Nce6 (40... f6 41. Bd5+ Nf7 42. Rag1 Kf8 43. Rh7 $18) 41. Rh4 f6 (41... Nh7
42. Rah1 Nef8 43. Be4 g6 44. Bd5 Rd8 45. f4 $18) 42. Rg1 Kf7 43. Bd5 (43. f4
Nh3 $1) 43... Ke8 44. Rh8+ Nf8 45. f4 Nge6 (45... Ngh7 46. Bg8 $18) 46. Kf3 (
46. Bxe6 Rxe6 47. Rxg7 $18) 46... f5 47. Rg6 $1 Nc5 48. Bxg7 Rf7 49. Bxf8 1-0